| 000 | 01060cam a22002654a 4500 | ||
|---|---|---|---|
| 005 | 20091117152017.0 | ||
| 008 | 080925s2008 ii ab b 001 0 eng | ||
| 010 | _aENG-95579 | ||
| 020 |
_a9788178311661 _c800.00 |
||
| 035 | _aEN-79112 | ||
| 037 | _bDBAD/PUB | ||
| 040 | _aDPL | ||
| 100 | _aNanjundaiah, C. | ||
| 245 |
_aForests, environment, and local community : _ba special reference to Western Ghats of India / _cC. Nanjundaiah. |
||
| 250 | _a1st ed. | ||
| 260 |
_aNew Delhi : _bManak Publications, _c2008. |
||
| 300 |
_axxii, 320 p. : _bill., maps ; _c22 cm.(Hb) |
||
| 504 | _aIncludes bibliographical references and index. | ||
| 520 | _aWith reference to Kodagu District, India; a study. | ||
| 650 |
_aForests and forestry _xEnvironmental aspects _zIndia _zKodagu. |
||
| 650 |
_aForests and forestry _xSocial aspects _zIndia _zKodagu. |
||
| 942 |
_2ddc _cEN _mNAN |
||
| 999 |
_c32133 _d32133 |
||